| 000 | 00969nam a2200241 a 4500 | ||
|---|---|---|---|
| 001 | 000000472 | ||
| 005 | 20250314113209.0 | ||
| 008 | 081209s2008 dr a 000 0 spa d | ||
| 020 | _a9789945866216 | ||
| 020 | _a9945866214 | ||
| 040 |
_aDO-SdBNP _bspa _cBNPHU |
||
| 082 |
_a333.7 _bG197p |
||
| 100 | 1 |
_aGangotena, Juan _91559 |
|
| 245 | 1 | 0 |
_aPrograma de gestión y protección de los recursos naturales en las cuencas hidrográficas de la República Dominicana : _bsistematización de productos / _cJuan Gangotena, Mónica Jácome. |
| 260 |
_aSanto Domingo : _bGTZ , _c2008. |
||
| 300 |
_a2v. : _bil. ; _c28 cm. |
||
| 505 | 0 |
_gv. 1 _tInforme general -- _gv. 2 _tMesa sectorial ambiental. |
|
| 650 | 4 |
_aRecursos naturales _zRepública Dominicana _91560 |
|
| 650 | 4 |
_aCuencas hidrográficas _91561 |
|
| 650 | 0 |
_aConservación de los recursos naturales _91562 |
|
| 700 | 1 |
_aJácome, Mónica _91563 |
|
| 710 | 2 |
_aDeutsche Gesellschaft für Technische Zusammenarbe it (GTZ) _91564 |
|
| 999 |
_c470 _d470 |
||